Statistics for 2013 Chicago Bulls Roster

Click here to take the quiz!

General Stats

  • This quiz has been taken 324 times
  • The average score is 8 of 13

Answer Stats

Player % Correct
Derrick Rose
99%
Joakim Noah
96%
Jimmy Butler
83%
Carlos Boozer
83%
Taj Gibson
78%
Luol Deng
76%
Kirk Hinrich
65%
Nate Robinson
59%
Richard Hamilton
46%
Nazr Mohammed
40%
Marco Belinelli
30%
Marquis Teague
29%
Vladimir Radmanovic
14%

Score Distribution

Percentile by Number Answered

Percent of People with Each Score

Your Score History

You have not taken this quiz